000 00422nam a22001817a 4500
003 MPLRDC
005 20220104190324.0
008 210129b ||||| |||| 00| 0 eng d
020 _a978-986-120-442-0
082 _a192.32 XZW
100 _a谢震武
245 _a说出好人缘
_c
250 _a初版
260 _a台湾
_b春光出版社
_c2010
300 _b
650 _a谈话
942 _cBK
_o192.32 XZW
999 _c63735
_d63725